Statistics for Канадске провинције и територије

Click here to take the quiz!

General Stats

  • This quiz has been taken 110 times
  • The average score is 6 of 13

Answers on the Map

Answers color-coded by a green-red scale on the quiz's map according to % correct below.
 

Answer Stats

Провинција / Територија% Correct
Квебек
87%
Онтарио
80%
Алберта
59%
Британска Колумбија
57%
Њуфаундленд и Лабрадор
51%
Нова Шкотска
47%
Манитоба
44%
Саскачеван
38%
Острво Принца Едварда
37%
Јукон
37%
Нунавут
35%
Северозападне територије
28%
Њу Брансвик
14%

Score Distribution

Percentile by Number Answered

Percent of People with Each Score

Your Score History

You have not taken this quiz